000 00702nam a2200205Ii 4500
003 JO-AjNU
008 230605s9999||||xx |||||||||||||| ||und||
040 _aJO-AjNU
_bara
_erda
_cJO-AjNU
041 _aara
050 1 4 _aKRM870.A656.2009
100 3 _aعقيدة، محمد أبو العلا,
_eauthor
_932423
245 0 0 _aالنظرية العامة للعقوبة والتدابير الإحترازية
250 _aط4
264 3 1 _aالقاهرة : دار النهضة العربية ، 2009
300 _a387ص
336 _atext
_btxt
_2rdacontent
337 _aunmediated
_bn
_2rdamedia
338 _avolume
_bnc
_2rdacarrier
650 4 _a قانون العقوبات -- مصر
_932424
999 _aA13088
_c16656
_d16656